000 00491nam a2200205Ia 4500
003 OSt
005 20221005120936.0
006 a|||||r|||| 00| 0
007 ta
008 221004b |||||||| |||| 00| 0 eng d
024 _a114636
037 _cTextual
040 _aCRL
_cCRL
_beng
041 _2eng
_aeng
100 _aBhushan Y K
245 0 _aFudamentals of Business organisation management
260 _c1987
942 _cTEXL
_2cc
999 _c1039619
_d1039619